Les vrais principes de l' Eglise gallicane, sur la puissance ecclésiastique, la Papauté les libertés gallicanes, la promotion des évêques, les trois concordats, et les appels comme d' abus / par M.D. Frayssinous, évêque d' Hermopolis

Detalles Bibliográficos
Autor principal: Frayssinous, Dionisio Lucas, conde de (1765-1841)
Formato: Libro
Lenguaje:Undetermined
French
Publicado: a Paris : imprimerie d' Adrien Le Clere et cie., 1826.
Edición:Troisième édition
Materias:
Colección:Banco de datos
Acervo:Biblioteca Palafoxiana. Colección bibliográfica
Descripción Física:X, 260 p. ; 4°
Tema general:Historia eclesiástica
Notas:Sello en tinta: Biblioteca Pública Palafoxiana. Número de localización: 713
LEADER 00853nam a2200181Ia 4500
008 150723s9999 xx 000 0 und d
041 0 |a fre 
050 0 |a PAFX BR145 F7 1826 
100 1 |a Frayssinous, Dionisio Lucas, conde de (1765-1841) 
245 1 0 |a Les vrais principes de l' Eglise gallicane, sur la puissance ecclésiastique, la Papauté les libertés gallicanes, la promotion des évêques, les trois concordats, et les appels comme d' abus / par M.D. Frayssinous, évêque d' Hermopolis 
250 |a Troisième édition 
260 |a a Paris : imprimerie d' Adrien Le Clere et cie., 1826. 
300 |a X, 260 p. ; 4° 
500 |a Sello en tinta: Biblioteca Pública Palafoxiana. Número de localización: 713 
650 1 0 |a Historia eclesiástica 
942 |c PALALIB 
943 |g Biblioteca Palafoxiana. Colección bibliográfica 
999 |c 1052649  |d 1052649